00414nam a2200169Ia 4500008004100000041001200041082002100053100001400074245003300088365000900121520001200130546001200142630003300154650001200187655001200199730003300211101110s9999 xx 000 0 und d aMARATHI bSR4674a891.4611 aDarshanik aDnyaneshwari Eshwarya Bhag 2 b1.25 aMarathi aMARATHI aDnyaneshwari Eshwarya Bhag 2 aMarathi aMarathi aDnyaneshwari Eshwarya Bhag 2